New York City Quiz - Statistics

General Stats
  • This quiz has been taken 65 times
  • The average score is 16 of 20
Answer Stats
Question Answer % Correct
1 of 5 Boroughs Brooklyn, Manhattan, Bronx,Queens, Staten Island
100%
State it is in New York
97%
Famous Nickname The Big Apple
97%
Famous building constructed
in 1931
The Empire State Building
97%
Building that terrorists crashed two hijacked planes into on 9/11 World Trade Center
97%
Monument given from France in 1886 Statue of Liberty
91%
State to the west New Jersey
90%
River it is at the mouth of Hudson River
88%
Original name of the city New Amsterdam
88%
Major International Airport in Queens John F. Kennedy International
83%
Island to the east Long Island
83%
Famous Street named after a barrier from the original Dutch Colony. The New York Stock Exchange is here. Wall Street
83%
Baseball Team located in the Bronx Yankees
83%
Year the stock market crashedand led to the Great Depression 1929
79%
Island European immigrants went to on arrival Ellis Island
79%
Football team that was won 4 Super Bowls Giants
69%
First University in New York Columbia University
62%
Hurricane in 2012 Hurricane Sandy
52%
Huge Shopping/Event Center in Manhattan. named after famous 19th Century Oil Tycoon and, founder of Standard Oil Rockefeller Center
45%
Revolutionary War Battlein Manhattan Battle of Fort Washington
9%
No matching quizzes found
Score Distribution
Percent of People with Each Score
Percentile by Number Answered
Your Score History
You have not taken this quiz